000
00247nam a2200085Ia 4500
008
170620s9999 xx 000 0 und d
100
_a
Mukalel- Joseph C.
245
0
_a
Creative Approaches to Classroom Teaching
260
_b
New Delhi- Discovery Publishing House
260
_c
2007
999
_c
24260
_d
24260